[Event "34ème Open International d'Avoine"]
[Site "AVOINE"]
[Date "2019.07.20"]
[Round "4.28"]
[White "Robert, Yoann"]
[Black "Daeschler, Florian"]
[Result "0-1"]
[WhiteElo "1961"]
[BlackElo "2334"]
[PlyCount "74"]
[EventDate "2019.??.??"]
[WhiteTeam "Club d'Echecs de Sautron"]
[BlackTeam "Club d'Echecs de Mundolsheim"]

1. Nf3 Nf6 2. d4 d5 3. c4 e6 4. Bg5 Be7 5. e3 h6 6. Bh4 O-O 7. cxd5 exd5 8. Nc3
c6 9. Bd3 Ne4 10. Bxe7 Qxe7 11. Bxe4 dxe4 12. Ne5 Nd7 13. Qh5 Nxe5 14. dxe5 Re8
15. Nxe4 Qb4+ 16. Nd2 Bg4 17. Qh4 Rad8 18. O-O Rxd2 19. h3 Qxb2 20. Qxg4 Qxe5
21. Rad1 Rxa2 22. Rd7 Ra1 23. Rxa1 Qxa1+ 24. Kh2 b5 25. Qf3 Qe5+ 26. g3 Qf6 27.
Qxf6 gxf6 28. Rxa7 Re4 29. Ra8+ Kg7 30. Kg2 c5 31. Kf3 Rc4 32. Rb8 b4 33. Rb5
Rc3 34. Ke2 b3 35. Kd1 c4 36. e4 Rc2 37. Rc5 Rxf2 0-1

[Event "34ème Open International d'Avoine"]
[Site "AVOINE"]
[Date "2019.07.20"]
[Round "4.29"]
[White "Yche, Michel"]
[Black "Samoun, Florent"]
[Result "0-1"]
[WhiteElo "1957"]
[BlackElo "2230"]
[PlyCount "80"]
[EventDate "2019.??.??"]
[WhiteTeam "Echiquier Guichenais"]
[BlackTeam "C.E. de  Bois-Colombes"]

1. e4 Nf6 2. Nc3 d5 3. exd5 Nxd5 4. Bc4 e6 5. Qf3 Nb6 6. Bb3 c5 7. d3 Be7 8.
Qg3 O-O 9. Ne4 Kh8 10. Bf4 Nc6 11. Nf3 Nd5 12. Bd6 f5 13. Bxe7 Ncxe7 14. Ned2
f4 15. Qh4 Qc7 16. g4 Bd7 17. O-O-O a5 18. Bxd5 Nxd5 19. Ng5 h6 20. Nge4 e5 21.
g5 Ra6 22. Rhg1 a4 23. Nf3 a3 24. b3 Bf5 25. Nd4 b5 26. Rde1 Nb4 27. Kb1 c4 28.
dxc4 bxc4 29. bxc4 Rc6 30. gxh6 g6 31. Nd2 Bxc2+ 32. Kc1 Bf5 33. Kd1 Nd3 34.
Re2 Qd7 35. f3 Qxd4 36. Rge1 Nf2+ 37. Qxf2 Qxf2 38. Rf1 Qd4 39. Rxe5 Bd3 40.
Ke1 Bxc4 0-1

[Event "34ème Open International d'Avoine"]
[Site "AVOINE"]
[Date "2019.07.20"]
[Round "4.31"]
[White "Merenciano, Alexandre"]
[Black "Marchais, Antoine"]
[Result "0-1"]
[WhiteElo "2198"]
[BlackElo "1943"]
[PlyCount "84"]
[EventDate "2019.??.??"]
[WhiteTeam "Echiquier Montelais"]
[BlackTeam "Rennes Paul Bert"]

1. e4 e6 2. d4 d5 3. Nd2 Nf6 4. e5 Nfd7 5. c3 c5 6. f4 Nc6 7. Ndf3 a5 8. Bd3
Nb6 9. Ne2 Bd7 10. O-O g6 11. g4 h5 12. h3 hxg4 13. hxg4 a4 14. f5 gxf5 15.
gxf5 cxd4 16. cxd4 exf5 17. a3 f6 18. e6 Bxe6 19. Nf4 Bd7 20. Re1+ Ne7 21. Bd2
Kf7 22. Kf2 Bh6 23. Rh1 Bxf4 24. Bxf4 Ng6 25. Qd2 Be6 26. Bg3 Qd7 27. Rad1 Rad8
28. Rxh8 Rxh8 29. Qa5 f4 30. Bxg6+ Kxg6 31. Qxb6 fxg3+ 32. Kg1 Qh7 33. Ne5+ Kg5
34. Nf3+ Kf5 35. Kf1 Qh3+ 36. Ke1 Qh1+ 37. Kd2 Qxf3 38. Re1 Rh2+ 39. Kc1 Re2
40. Rxe2 Qxe2 41. Kb1 g2 42. Ka2 Qc4+ 0-1

[Event "34ème Open International d'Avoine"]
[Site "AVOINE"]
[Date "2019.07.20"]
[Round "4.32"]
[White "Mauffrey, Victor"]
[Black "Arnaud, Aurelien"]
[Result "0-1"]
[WhiteElo "1936"]
[BlackElo "2196"]
[PlyCount "126"]
[EventDate "2019.??.??"]
[WhiteTeam "l'Echiquier de La Ville Montreuil"]
[BlackTeam "L'Echiquier Châlonnais"]

1. Nf3 Nf6 2. c4 e6 3. Nc3 d5 4. d4 Bb4 5. Qc2 c5 6. e3 Nc6 7. a3 Bxc3+ 8. bxc3
O-O 9. Bd3 Qc7 10. O-O b6 11. Bb2 dxc4 12. Bxc4 Na5 13. Bd3 c4 14. Be4 Nxe4 15.
Qxe4 Bb7 16. Qg4 Nb3 17. Rad1 f5 18. Qh3 Rf6 19. Ne5 Raf8 20. f3 b5 21. Rfe1 a5
22. e4 fxe4 23. fxe4 Qd6 24. Nxc4 Qf4 25. Ne3 Qf2+ 26. Kh1 Qxb2 27. Ng4 Rf4 28.
Nh6+ Kh8 29. Qxe6 R4f6 30. Qe7 gxh6 31. Qxb7 Qxc3 32. Qxb5 Nxd4 33. Qe5 Ne2 34.
Qxc3 Nxc3 35. Ra1 Nxe4 36. h3 Re8 37. Kh2 Rfe6 38. Rac1 Kg7 39. Red1 Kf6 40.
Rc7 R8e7 41. Rc8 Rd6 42. Rf1+ Ke6 43. Re1 Kd7 44. Ra8 Re5 45. Ra7+ Ke6 46. Rxh7
h5 47. Re3 Kd5 48. Rc7 Rc6 49. Rd7+ Kc5 50. Rb7 Kd4 51. Re1 Rc3 52. Rd1+ Kc4
53. Rc7+ Nc5 54. a4 Kb4 55. Rc6 Nb3 56. Rb6+ Kxa4 57. Rf1 Ka3 58. Rf2 Rec5 59.
g4 a4 60. Rh6 hxg4 61. hxg4 Nd4 62. Rf4 Rd3 63. Rb6 Rc2+ 0-1

[Event "34ème Open International d'Avoine"]
[Site "AVOINE"]
[Date "2019.07.20"]
[Round "4.33"]
[White "Pottier, Simeon"]
[Black "Aubert, Laurane"]
[Result "1-0"]
[WhiteElo "2192"]
[BlackElo "1931"]
[PlyCount "59"]
[EventDate "2019.??.??"]
[WhiteTeam "LEC Echiquier Limousin"]
[BlackTeam "Grenoble Bayard Echecs"]

1. d4 d5 2. c4 e6 3. Nc3 Bb4 4. e3 Nf6 5. Bd3 c5 6. Nf3 Qc7 7. Qe2 O-O 8. O-O
a5 9. Bd2 Nbd7 10. cxd5 exd5 11. Rac1 Qb8 12. dxc5 Bxc5 13. Bb1 Bd6 14. h3 Ne5
15. Nxe5 Bxe5 16. f4 Bc7 17. Qd3 Rd8 18. Ne2 Bb6 19. Bc3 Ne4 20. Ng3 f5 21. Nh5
Qd6 22. Bd4 Bxd4 23. Qxd4 Qe7 24. Rfd1 Be6 25. Qe5 Rdc8 26. Rxc8+ Rxc8 27. Nxg7
Rc6 28. Nxf5 Qc7 29. Bxe4 dxe4 30. Rd8+ 1-0

[Event "34ème Open International d'Avoine"]
[Site "AVOINE"]
[Date "2019.07.20"]
[Round "4.34"]
[White "Algaba, Solene"]
[Black "Depoorter, Enguerran"]
[Result "1/2-1/2"]
[WhiteElo "1931"]
[BlackElo "2183"]
[PlyCount "38"]
[EventDate "2019.??.??"]
[WhiteTeam "Echiquier de l'Erdre"]
[BlackTeam "Club d'Echecs d'Ecouen"]

1. e4 c5 2. Nf3 d6 3. d4 cxd4 4. Nxd4 Nf6 5. Nc3 g6 6. Be2 Bg7 7. Be3 O-O 8.
Qd2 Nc6 9. O-O-O Nxd4 10. Bxd4 Be6 11. h4 Qa5 12. a3 Rfc8 13. h5 b5 14. hxg6
hxg6 15. Nd5 Qxd2+ 16. Rxd2 Nxd5 17. exd5 Bd7 18. Bxg7 Kxg7 19. Rh4 Rc5 1/2-1/2

[Event "34ème Open International d'Avoine"]
[Site "AVOINE"]
[Date "2019.07.20"]
[Round "4.35"]
[White "Midy, Robin"]
[Black "Chosson, Julien"]
[Result "1/2-1/2"]
[WhiteElo "2160"]
[BlackElo "1916"]
[PlyCount "125"]
[EventDate "2019.??.??"]
[WhiteTeam "Echiquier Club Le Mans"]
[BlackTeam "Thomas Bourgneuf - Creteil"]

1. d4 Nf6 2. Bg5 d5 3. e3 c5 4. Bxf6 gxf6 5. dxc5 e6 6. c4 dxc4 7. Nd2 c3 8.
bxc3 Bxc5 9. Ngf3 Nc6 10. Be2 Rg8 11. g3 b6 12. Qa4 Bb7 13. Nb3 Be7 14. Ba6
Bxa6 15. Qxa6 Qd5 16. Qe2 Ne5 17. e4 Qc6 18. O-O Nxf3+ 19. Qxf3 f5 20. Rfe1
fxe4 21. Rxe4 Rc8 22. c4 Bc5 23. Rae1 Rg6 24. Nxc5 Qxc5 25. Rf4 Qe7 26. Qc3 h6
27. Qh8+ Qf8 28. Qe5 Qc5 29. Qe4 Qc6 30. Qe2 Qd6 31. Re4 Rd8 32. Qh5 Kf8 33. a4
Kg7 34. Qf3 Qa3 35. Qf4 Qd6 36. Qc1 Qe7 37. a5 Rd6 38. axb6 axb6 39. Qa3 Qd8
40. Qc3+ Kg8 41. R4e2 Qf6 42. Qb4 Qd4 43. Re4 Qc5 44. Qb2 Qc6 45. Rf4 Qd7 46.
Qa1 Qd8 47. Rb1 Qg5 48. Rf3 e5 49. Qa8+ Qd8 50. Qe4 Rd1+ 51. Rxd1 Qxd1+ 52. Kg2
Qd6 53. Qf5 Qe6 54. Qxe6 Rxe6 55. Rb3 Rc6 56. Kf3 Rxc4 57. Rxb6 Kg7 58. h4 h5
59. Ke3 f6 60. Rb8 Ra4 61. Rb3 Kg6 62. Rd3 Kf5 63. f3 1/2-1/2

[Event "34ème Open International d'Avoine"]
[Site "AVOINE"]
[Date "2019.07.20"]
[Round "4.36"]
[White "Bourdeaud'Huy, Thomas"]
[Black "De Lussac, Rainier"]
[Result "0-1"]
[WhiteElo "1929"]
[BlackElo "2153"]
[PlyCount "48"]
[EventDate "2019.??.??"]
[WhiteTeam "La Tour Basilienne"]
[BlackTeam "Cercle d'Echecs de Nantes"]

1. c4 e6 2. Nc3 Nf6 3. e3 c5 4. Nf3 Be7 5. d4 cxd4 6. exd4 d5 7. Bf4 O-O 8. c5
b6 9. Nb5 Nc6 10. Bc7 Qd7 11. Bd6 Ne4 12. Bd3 Nxd6 13. cxd6 Bf6 14. Rc1 g6 15.
Rxc6 Qxc6 16. Ne5 Bxe5 17. dxe5 f6 18. Qb1 fxe5 19. O-O e4 20. Rc1 Qe8 21. Be2
Qd8 22. f3 Ba6 23. fxe4 Bxb5 24. Bxb5 Qxd6 0-1

[Event "34ème Open International d'Avoine"]
[Site "AVOINE"]
[Date "2019.07.20"]
[Round "4.37"]
[White "Delbergue, Alexis"]
[Black "Viers, Matthieu"]
[Result "0-1"]
[WhiteElo "1915"]
[BlackElo "2144"]
[PlyCount "72"]
[EventDate "2019.??.??"]
[WhiteTeam "La tour de Juvisy"]
[BlackTeam "C.E.I. Toulouse"]

1. d4 Nf6 2. Bf4 g6 3. Nc3 d6 4. e4 c6 5. Qd2 b5 6. Bd3 Qb6 7. e5 dxe5 8. dxe5
Nd5 9. Nxd5 cxd5 10. Be3 Qb7 11. Ne2 Bg7 12. f4 O-O 13. Nd4 a6 14. Qf2 Nc6 15.
Nxc6 Qxc6 16. Bd4 f6 17. Qg3 fxe5 18. fxe5 Bf5 19. O-O Bxd3 20. cxd3 e6 21.
Rfc1 Qd7 22. Bc5 Rf5 23. Bd6 Rc8 24. Qe3 Bf8 25. Rxc8 Qxc8 26. Rc1 Qd8 27. Rc6
a5 28. Qa7 Qh4 29. g3 Qg4 30. Rc1 Qe2 31. Qd4 h5 32. Bxf8 Rxf8 33. h3 Kg7 34.
h4 Rf3 35. Qa7+ Kh6 36. Kh1 Rxg3 0-1

[Event "34ème Open International d'Avoine"]
[Site "AVOINE"]
[Date "2019.07.20"]
[Round "4.38"]
[White "Frick, Christoph"]
[Black "Cavailles, Evan"]
[Result "1/2-1/2"]
[WhiteElo "2134"]
[BlackElo "1896"]
[PlyCount "90"]
[EventDate "2019.??.??"]
[WhiteTeam "Mulhouse Philidor"]
[BlackTeam "C.E. de  Bois-Colombes"]

1. d4 d5 2. Bf4 Nf6 3. e3 c5 4. dxc5 Nc6 5. Bb5 e6 6. b4 Be7 7. c3 O-O 8. Nd2
Nd7 9. Ngf3 Bf6 10. Rc1 e5 11. Bg3 Re8 12. Qb3 Nf8 13. O-O Ng6 14. Rfd1 Be6 15.
Qa4 Qc8 16. e4 a5 17. Bxc6 Qxc6 18. Qxc6 bxc6 19. a3 axb4 20. axb4 Ra3 21. Re1
h5 22. h4 Re7 23. Ng5 Bxg5 24. hxg5 Ra2 25. exd5 Bxd5 26. Ne4 Bxe4 27. Rxe4 Rb2
28. Rce1 Rb3 29. Bxe5 Nxe5 30. Rxe5 Rxe5 31. Rxe5 Rxc3 32. Re8+ Kh7 33. Rc8 Rc4
34. Rxc6 Rxb4 35. Rd6 Rc4 36. Rd5 Kg6 37. g3 f6 38. gxf6 gxf6 39. Kg2 h4 40.
Kh3 hxg3 41. fxg3 f5 42. Rd6+ Kg5 43. c6 Rc3 44. Kg2 f4 45. Rd5+ Kg4 1/2-1/2

[Event "34ème Open International d'Avoine"]
[Site "AVOINE"]
[Date "2019.07.20"]
[Round "4.39"]
[White "Rubino, William"]
[Black "Eveno, Nathan"]
[Result "0-1"]
[WhiteElo "2130"]
[BlackElo "1885"]
[PlyCount "102"]
[EventDate "2019.??.??"]
[WhiteTeam "Echiquier du Gâtinais"]
[BlackTeam "Echiquier du Gâtinais"]

1. d4 d5 2. c4 e6 3. Nc3 c5 4. cxd5 exd5 5. Nf3 Nc6 6. g3 Nf6 7. Bg2 Be7 8. O-O
O-O 9. dxc5 d4 10. Na4 Bf5 11. b3 Be4 12. Bb2 Qd5 13. Qc1 Nd7 14. Rd1 Bf6 15.
Qc4 Qxc4 16. bxc4 Bc2 17. Rxd4 Bxd4 18. Nxd4 Bxa4 19. Nf5 Nf6 20. e4 Rfd8 21.
Nd6 Ne8 22. e5 Nxd6 23. cxd6 b6 24. Bd5 Nb4 25. Bxa8 Rxa8 26. f4 g6 27. Rf1 Bd7
28. a3 Nd3 29. Bd4 Rc8 30. Rd1 Nc5 31. Be3 Nb7 32. Rc1 Be6 33. c5 Nxc5 34. Kg2
Kf8 35. Kf3 h5 36. Bd4 Nb3 37. Rxc8+ Bxc8 38. Bc3 Bf5 39. h3 Bxh3 40. Ke4 Bg2+
41. Kd3 Ke8 42. Kc4 Nc5 43. Bb4 Ne4 44. Kb5 Nxg3 45. Ka6 h4 46. Be1 Kd7 47.
Kxa7 b5 48. Kb6 Bf1 49. Bf2 Nf5 50. Kc5 h3 51. Bg1 Nh4 0-1

[Event "34ème Open International d'Avoine"]
[Site "AVOINE"]
[Date "2019.07.20"]
[Round "4.40"]
[White "Baron, Daniel"]
[Black "Burille, Matthieu"]
[Result "0-1"]
[WhiteElo "1905"]
[BlackElo "2121"]
[PlyCount "66"]
[EventDate "2019.??.??"]
[WhiteTeam "C.E. de Magnanville"]
[BlackTeam "Club d'Echecs d'Avoine"]

1. Nf3 c5 2. c4 Nc6 3. g3 g6 4. Bg2 Bg7 5. O-O e5 6. Nc3 Nge7 7. e4 d6 8. d3
O-O 9. Rb1 f5 10. exf5 gxf5 11. Bg5 Qe8 12. Ne1 f4 13. Bxe7 Qxe7 14. Nc2 Kh8
15. b4 cxb4 16. Nxb4 Nd4 17. Nbd5 Qf7 18. f3 Be6 19. g4 h5 20. h3 Rac8 21. a4
Bh6 22. a5 Bg5 23. Rf2 Bd8 24. Qa4 Bh4 25. Rfb2 hxg4 26. hxg4 Qh7 27. Ne4 Bg3
28. Qa3 Qh2+ 29. Kf1 Rcd8 30. Rxb7 Bxg4 31. Ndf6 Bf5 32. Rxa7 Nc2 33. Qa2 Ne3+
0-1

[Event "34ème Open International d'Avoine"]
[Site "AVOINE"]
[Date "2019.07.20"]
[Round "4.41"]
[White "Le, Quan Anh"]
[Black "Ouadi, Ali"]
[Result "1-0"]
[WhiteElo "2119"]
[BlackElo "1880"]
[PlyCount "125"]
[EventDate "2019.??.??"]
[WhiteTeam "Thomas Bourgneuf - Creteil"]
[BlackTeam "C.E. Strasbourg"]

1. e4 b6 2. d4 Bb7 3. Bd3 Nf6 4. Nc3 e6 5. Nf3 Bb4 6. Qe2 d5 7. e5 Ne4 8. Bd2
Nxd2 9. Qxd2 Be7 10. Ne2 c5 11. c3 Ba6 12. Bc2 Bxe2 13. Qxe2 c4 14. Nd2 b5 15.
a3 Nc6 16. Qg4 g6 17. h4 h5 18. Qg3 a5 19. f4 Kd7 20. Nf3 b4 21. O-O b3 22. Bd1
a4 23. Qh3 Qf8 24. Ng5 Qg7 25. Bf3 Bxg5 26. fxg5 Ne7 27. Kf2 Nf5 28. Rh1 Rh7
29. Raf1 Rah8 30. Be2 Qf8 31. Ke1 Qe7 32. Rf4 Ke8 33. Kd2 Qd8 34. Qf3 Qe7 35.
Qf2 Kf8 36. Rf3 Ke8 37. Rfh3 Kf8 38. Qf4 Ke8 39. g4 Ng7 40. Qf2 hxg4 41. Bxg4
Nh5 42. Rf3 Ng7 43. Rfh3 Nh5 44. Qe3 Rf8 45. Rf3 Rfh8 46. Rhf1 Rf8 47. R1f2 Ng7
48. Rh3 Nh5 49. Kd1 Rfh8 50. Be2 Rf8 51. Rh1 Rfh8 52. Rhf1 Rf8 53. Qh3 Ng7 54.
Qg4 Nf5 55. Rxf5 exf5 56. Qg2 Rxh4 57. Qxd5 Qxg5 58. Qc6+ Ke7 59. Qd6+ Ke8 60.
Bxc4 Qg4+ 61. Ke1 f6 62. e6 Rf7 63. exf7# 1-0

[Event "34ème Open International d'Avoine"]
[Site "AVOINE"]
[Date "2019.07.20"]
[Round "4.42"]
[White "Duchateau, Thomas"]
[Black "Leccia, Antoine"]
[Result "1-0"]
[WhiteElo "2096"]
[BlackElo "1876"]
[PlyCount "57"]
[EventDate "2019.??.??"]
[WhiteTeam "Club d'Echecs de Mundolsheim"]
[BlackTeam "Corsica Chess Club"]

1. d4 e6 2. Bf4 Nf6 3. e3 d5 4. Nd2 c5 5. c3 Bd6 6. Bg3 O-O 7. Bd3 Qc7 8. Bxd6
Qxd6 9. f4 Nbd7 10. g4 Ne8 11. Qc2 c4 12. Bxh7+ Kh8 13. Ngf3 g6 14. Bxg6 fxg6
15. Nh4 Rg8 16. Nxg6+ Kg7 17. O-O-O a5 18. e4 b5 19. e5 Qc7 20. f5 Nb6 21. f6+
Kf7 22. Ne7 Rh8 23. g5 Nd7 24. g6+ Kf8 25. g7+ Nxg7 26. fxg7+ Kxg7 27. Qg6+ Kf8
28. Rdf1+ Kxe7 29. Qg7+ {
1-0 (29) Duchateau,T (2096)-Leccia,A (1876) AVOINE 2019} 1-0

[Event "34ème Open International d'Avoine"]
[Site "AVOINE"]
[Date "2019.07.20"]
[Round "4.43"]
[White "Julien, Jules-Alois"]
[Black "Dubois, Emmanuelle"]
[Result "1/2-1/2"]
[WhiteElo "2093"]
[BlackElo "1863"]
[PlyCount "88"]
[EventDate "2019.??.??"]
[WhiteTeam "Club d'Echecs de la Bruffière"]
[BlackTeam "C.E.de St Just "]

1. Nf3 Nf6 2. g3 e6 3. Bg2 d5 4. O-O Be7 5. d4 O-O 6. c4 c6 7. Nc3 Nbd7 8. b3
a6 9. Qc2 b5 10. cxd5 cxd5 11. Bf4 Bb7 12. Rfc1 Ba3 13. Re1 Rc8 14. Qd3 Bb2 15.
Rac1 Bxc1 16. Rxc1 Ne4 17. Ne1 Qa5 18. Bxe4 dxe4 19. Qd2 b4 20. Na4 Rxc1 21.
Qxc1 Rc8 22. Qb1 Qh5 23. Qd1 a5 24. Ng2 Ba6 25. f3 exf3 26. exf3 Qb5 27. Kf2
Qd3 28. Qxd3 Bxd3 29. Ne3 Bb1 30. Nc4 Nf6 31. Nc5 Nd5 32. Bd2 Nc3 33. Nxa5 Nxa2
34. Ke3 e5 35. Nab7 exd4+ 36. Kxd4 Bc2 37. f4 Bd1 38. h3 Re8 39. f5 Re2 40. Bf4
h6 41. h4 Rb2 42. Kc4 Be2+ 43. Kd4 Bd1 44. Kc4 Be2+ {
1/2-1/2 (44) Julien,J (2093)-Dubois,E (1863) AVOINE 2019} 1/2-1/2

[Event "34ème Open International d'Avoine"]
[Site "AVOINE"]
[Date "2019.07.20"]
[Round "4.44"]
[White "Lafourcade, Victor"]
[Black "Lemonnier, Remi"]
[Result "1/2-1/2"]
[WhiteElo "1909"]
[BlackElo "2093"]
[PlyCount "53"]
[EventDate "2019.??.??"]
[WhiteTeam "Maison des Echecs Toulouse Lardenne"]
[BlackTeam "Club 608 d'Echecs Paris"]

1. e4 c5 2. d4 cxd4 3. c3 Nf6 4. e5 Nd5 5. Nf3 Nc6 6. cxd4 d6 7. Bc4 e6 8. O-O
Be7 9. Qe2 O-O 10. Nc3 Nxc3 11. bxc3 dxe5 12. dxe5 Qa5 13. Bd2 Rd8 14. Qe4 Bd7
15. Rfe1 Be8 16. Rad1 Qa4 17. Rb1 Na5 18. Bd3 Qxe4 19. Bxe4 Rab8 20. Be3 b6 21.
Red1 Bc6 22. Bxc6 Nxc6 23. Nd4 Nxd4 24. cxd4 Rd7 25. Rdc1 Rbb7 26. Rc8+ Rd8 27.
Rbc1 {1/2-1/2 (27) Lafourcade,V (1909)-Lemonnier,R (2093) AVOINE 2019} 1/2-1/2

[Event "34ème Open International d'Avoine"]
[Site "AVOINE"]
[Date "2019.07.20"]
[Round "4.45"]
[White "Briand, Amaury"]
[Black "Reeder, Andy"]
[Result "1-0"]
[WhiteElo "1896"]
[BlackElo "2090"]
[PlyCount "83"]
[EventDate "2019.??.??"]
[WhiteTeam "Carquefou Echecs"]

1. e4 c5 2. Nf3 e6 3. d4 cxd4 4. Nxd4 Nc6 5. Nc3 Qc7 6. Be3 a6 7. g3 Nf6 8. Bg2
h5 9. O-O Ng4 10. Bf4 e5 11. Nxc6 bxc6 12. Bc1 Bc5 13. h3 Nf6 14. b3 Bb7 15.
Bb2 O-O-O 16. Na4 Ba7 17. c4 d6 18. b4 Kb8 19. Nc3 Ka8 20. a4 a5 21. Na2 axb4
22. Nxb4 c5 23. Nd5 Nxd5 24. exd5 f5 25. Bc3 Rdf8 26. a5 h4 27. a6 Bc8 28. Bxe5
hxg3 29. fxg3 f4 30. Rxf4 Re8 31. Bc3 Bxh3 32. Qf1 Bxg2 33. Kxg2 Qc8 34. Bxg7
Qh3+ 35. Kf2 Qh2+ 36. Kf3 Qh5+ 37. g4 Qh3+ 38. Qxh3 Rxh3+ 39. Kg2 Rh4 40. Rh1
Re2+ 41. Kf3 Rxh1 42. Kxe2 {
1-0 (42) Briand,A (1896)-Reeder,A (2090) AVOINE 2019} 1-0

[Event "34ème Open International d'Avoine"]
[Site "AVOINE"]
[Date "2019.07.20"]
[Round "4.46"]
[White "Kern, Nicolas"]
[Black "Tribout, Alexandre"]
[Result "1-0"]
[WhiteElo "2085"]
[BlackElo "1847"]
[PlyCount "89"]
[EventDate "2019.??.??"]
[WhiteTeam "Club d'Echecs de Mundolsheim"]
[BlackTeam "Echiquier Club Le Mans"]

1. e4 c5 2. Nc3 Nc6 3. d3 g6 4. Be3 d6 5. d4 cxd4 6. Bxd4 Nf6 7. Bxf6 exf6 8.
Bc4 Bg7 9. Nge2 O-O 10. h4 h5 11. Nf4 Ne5 12. Bb3 f5 13. Qd5 Bh6 14. g3 Nf3+
15. Kf1 Bxf4 16. gxf4 Nxh4 17. Rd1 Be6 18. Qxd6 Bxb3 19. axb3 Nf3 20. Rh3 Qxd6
21. Rxd6 Rad8 22. Rxd8 Rxd8 23. Rxf3 Rd2 24. exf5 Rxc2 25. fxg6 fxg6 26. Nd1 b5
27. f5 Kg7 28. fxg6 Kxg6 29. Rc3 Rd2 30. Ke1 Rd4 31. Ne3 h4 32. Nf1 a5 33. Ke2
Rg4 34. Rc6+ Kg7 35. Kf3 Rg1 36. Nh2 Rb1 37. Rc2 Rd1 38. Kg4 Rd3 39. Kxh4 Rxb3
40. Kg5 a4 41. f4 b4 42. Ng4 a3 43. bxa3 bxa3 44. Rc7+ Kf8 45. Ra7 {
1-0 (45) Kern,N (2085)-Tribout,A (1847) AVOINE 2019} 1-0

[Event "34ème Open International d'Avoine"]
[Site "AVOINE"]
[Date "2019.07.20"]
[Round "4.47"]
[White "Kibleur, Christophe"]
[Black "Cau, Benjamin"]
[Result "1/2-1/2"]
[WhiteElo "1894"]
[BlackElo "2073"]
[PlyCount "51"]
[EventDate "2019.??.??"]
[WhiteTeam "Echiquier Tourangeau"]
[BlackTeam "Echecs Club de Corbas"]

1. e4 c6 2. Nc3 d5 3. Nf3 Bg4 4. h3 Bxf3 5. Qxf3 e6 6. Be2 Nf6 7. O-O Be7 8.
Rd1 O-O 9. d4 Nbd7 10. Bd3 dxe4 11. Nxe4 Nxe4 12. Qxe4 Nf6 13. Qh4 g6 14. c4
Rc8 15. Bg5 Rc7 16. Bh6 Re8 17. Be2 Rd7 18. Qf4 Qc7 19. Qxc7 Rxc7 20. Bf3 Rd8
21. Rd2 Rcd7 22. Rad1 Bb4 23. Rd3 e5 24. Bg5 Be7 25. Bxf6 Bxf6 26. d5 {
1/2-1/2 (26) Kibleur,C (1894)-Cau,B (2073) AVOINE 2019} 1/2-1/2

[Event "34ème Open International d'Avoine"]
[Site "AVOINE"]
[Date "2019.07.20"]
[Round "4.48"]
[White "Laplanche, Denis"]
[Black "Budak, Rezan"]
[Result "1-0"]
[WhiteElo "2073"]
[BlackElo "1844"]
[PlyCount "113"]
[EventDate "2019.??.??"]
[WhiteTeam "Caen Alekhine"]
[BlackTeam "LEC Echiquier Limousin"]

1. d4 d5 2. Nf3 Nf6 3. c4 dxc4 4. Nc3 a6 5. a4 Nc6 6. e4 Bg4 7. Be3 e5 8. d5
Na5 9. Qc2 Bd6 10. Nd2 b5 11. axb5 axb5 12. Nxb5 Nb3 13. Rxa8 Qxa8 14. f3 Nxd2
15. Nxd6+ cxd6 16. Bxd2 Bd7 17. Bxc4 Qa7 18. Ke2 Nh5 19. g3 f5 20. Be3 Qa5 21.
Qc3 Qd8 22. Qb4 fxe4 23. Qxd6 exf3+ 24. Kf2 Qf6 25. Qxf6 Nxf6 26. Kxf3 Bg4+ 27.
Kg2 O-O 28. d6+ Kh8 29. Rf1 e4 30. h3 Bf3+ 31. Kh2 Rd8 32. Ra1 h5 33. Ra6 Kh7
34. b3 Ne8 35. Bf4 Nc7 36. Ra1 Ne8 37. Ra6 Nc7 38. Ra7 Ne8 39. d7 Nf6 40. Be6
e3 41. Bxe3 Rb8 42. Bf4 Rf8 43. Bd6 Rh8 44. Be7 Nxd7 45. Bxd7 Kg6 46. Kg1 Bd5
47. b4 Rb8 48. Kf2 Rb6 49. Ke3 Ba8 50. Kd4 h4 51. gxh4 Kf7 52. Bc5 Rb7 53. Rxb7
Bxb7 54. b5 Kg8 55. Bc6 Bc8 56. b6 Bxh3 57. b7 {
1-0 (57) Laplanche,D (2073) -Budak,R (1844) AVOINE 2019} 1-0

[Event "34ème Open International d'Avoine"]
[Site "AVOINE"]
[Date "2019.07.20"]
[Round "4.49"]
[White "Joly, Julien"]
[Black "Ragneau, Freddy"]
[Result "1-0"]
[WhiteElo "2060"]
[BlackElo "1824"]
[PlyCount "67"]
[EventDate "2019.??.??"]
[WhiteTeam "Echecs Club de Corbas"]
[BlackTeam "Echiquier Poitevin"]

1. e4 Nf6 2. e5 Nd5 3. c4 Nb6 4. d4 d6 5. exd6 exd6 6. Nf3 Be7 7. Be2 O-O 8. h3
Bf6 9. Nc3 Bf5 10. Be3 Nc6 11. O-O Ne7 12. g4 Be6 13. g5 Bxd4 14. Nxd4 Bxh3 15.
Re1 Ng6 16. Kh2 Bc8 17. Rg1 Ne5 18. b3 f5 19. f4 Ng4+ 20. Bxg4 fxg4 21. Qd3 Qe8
22. Kg3 a6 23. Rh1 g6 24. Ne4 c5 25. Ne2 Bf5 26. N2c3 Qe6 27. Qxd6 Rae8 28.
Qxe6+ Rxe6 29. Bxc5 Rd8 30. Rad1 Rde8 31. Nf6+ Rxf6 32. gxf6 Nd7 33. f7+ Kxf7
34. Rxh7+ {1-0 (34) Joly,J (2060)-Ragneau,F (1824) AVOINE 2019} 1-0

[Event "34ème Open International d'Avoine"]
[Site "AVOINE"]
[Date "2019.07.20"]
[Round "4.50"]
[White "Engelmann, Herve"]
[Black "Martin, Axel"]
[Result "1-0"]
[WhiteElo "2057"]
[BlackElo "1804"]
[PlyCount "65"]
[EventDate "2019.??.??"]
[WhiteTeam "Club d'Echecs de Mundolsheim"]
[BlackTeam "Echiquier Domloupéen"]

1. e4 c5 2. Nf3 e6 3. d4 cxd4 4. Nxd4 Nf6 5. Nc3 Nc6 6. Be3 Bb4 7. Nxc6 bxc6 8.
a3 Bxc3+ 9. bxc3 d5 10. exd5 cxd5 11. Bd3 O-O 12. O-O a5 13. Rb1 Ba6 14. Rb6
Qc8 15. Bd4 Bxd3 16. Qxd3 Qc4 17. Qg3 Ne8 18. Rfb1 Qc7 19. f4 g6 20. Qh4 h5 21.
Qg5 Kh7 22. Rb7 Qd6 23. R1b3 Qa6 24. R3b5 Nd6 25. Qf6 Rg8 26. Rxf7+ Nxf7 27.
Qxf7+ Kh6 28. Rb7 Qxb7 29. Qxb7 Raf8 30. Be5 g5 31. fxg5+ Kxg5 32. Qe7+ Kf5 33.
Bg7 {1-0 (33) Engelmann,H (2057)-Martin,A (1804) AVOINE 2019} 1-0